50 Most Famous Cities in Algeria on a Map - Statistics

General Stats
  • This quiz has been taken 127 times
  • The average score is 15 of 51
Answers on the Map
Answers color-coded by a green-red scale on the quiz's map according to % correct below.
 
Answer Stats
Wiki Monthly Views Cityquiz Mention Rate Population Answers % Correct
56.58 K 19.70% 803.33 K Oran
96%
104.62 K 58.50% 2364.23 K Algiers
95%
35.55 K 11.32% 448.03 K Constantine
81%
23.02 K 3.43% 342.70 K Annaba
59%
21.27 K 3.83% 173.53 K Tlemcen
50%
9.70 K 2.51% 45.61 K Tindouf
46%
20.28 K 1.52% 176.14 K Béjaïa
45%
8.20 K 1.41% 331.78 K Blida
43%
11.88 K 2.60% 81.75 K Tamanrasset
43%
14.04 K 1.05% 104.31 K Tizi Ouzou
41%
9.11 K 0.86% 162.89 K Mostaganem
39%
9.68 K 0.95% 182.90 K Skikda
39%
8.54 K 1.74% 204.66 K Biskra
36%
13.81 K 2.72% 252.13 K Sétif
36%
10.67 K 2.18% 289.50 K Batna
35%
6.15 K 1.25% 155.13 K Chlef
35%
6.63 K 1.36% 165.24 K Béchar
34%
8.15 K 1.00% 142.91 K Ghardaïa
33%
4.42 K 1.26% 265.83 K Djelfa
31%
9.47 K 1.25% 210.15 K Sidi Bel Abbès
30%
4.11 K 1.15% 186.53 K El Oued
29%
8.55 K 0.72% 131.51 K Jijel
29%
9.24 K 0.15% 15.18 K Tipaza
28%
4.84 K 1.11% 68.28 K Adrar
26%
4.42 K - 9.39 K Djanet
26%
4.80 K 0.97% 134.37 K Laghouat
26%
5.72 K 0.69% 108.63 K Mascara
26%
7.07 K 1.00% 178.92 K Tiaret
26%
6.11 K 1.01% 194.46 K Tébessa
25%
3.79 K 0.54% 142.50 K Saïda
24%
4.44 K 0.71% 145.44 K Médéa
21%
3.27 K 0.54% 132.98 K M'Sila
21%
8.52 K 0.49% 153.48 K Souk Ahras
21%
4.68 K 0.57% 120.00 K Guelma
20%
5.53 K 1.30% 169.93 K Ouargla
20%
3.41 K 0.48% 123.26 K Relizane
20%
4.88 K 0.46% 114.47 K Khenchela
19%
4.68 K 0.58% 158.81 K Bordj Bou Arréridj
18%
5.46 K - 22.24 K In Salah
18%
3.48 K 1.22% 143.27 K Touggourt
16%
6.00 K 0.49% 111.79 K Bou Saâda
15%
3.53 K 0.19% 87.37 K Maghnia
15%
3.88 K 0.17% 70.81 K Aïn Témouchent
14%
6.33 K 0.09% 34.37 K Cherchell
14%
3.98 K - 22.09 K Timimoun
11%
4.07 K 0.12% 44.48 K Hassi Messaoud
10%
17.49 K - 8.77 K Timgad
10%
3.94 K - 20.40 K Reggane
9%
6.92 K - 9.24 K Djémila
6%
4.53 K 0.03% 43.37 K Miliana
6%
6.33 K - 15.64 K Mers El Kébir
5%
No matching quizzes found
Score Distribution
Percent of People with Each Score
Percentile by Number Answered
Your Score History
You have not taken this quiz